Lidl-Trek Riders 2026 - Statistics

General Stats
  • This quiz has been taken 4 times
  • The average score is 18 of 30
Answer Stats
Hint Answer % Correct
NED Bauke Mollema
100%
ITA Giulio Ciccone
100%
ITA Jonathan Milan
100%
ESP Juan Ayuso
100%
FRA Julien Bernard
100%
DEN Mads Pedersen
100%
DEN Mattias Skjelmose
100%
AUT Patrick Konrad
100%
USA Quinn Simmons
100%
DEN Søren Kragh Andersen
100%
ITA Andrea Bagioli
67%
BEL Edward Theuns
67%
GER Lennard Kämna
67%
GBR Tao Geoghegan Hart
67%
BEL Thibau Nys
67%
DEN Albert Philipsen
33%
ERI Amanuel Ghebreigzabhier
33%
ESP Carlos Verona
33%
CAN Derek Gee-West
33%
ITA Jacopo Mosca
33%
SWE Jakob Söderqvist
33%
DEN Mathias Norsgaard
33%
CZE Mathias Vacek
33%
ITA Matteo Sobrero
33%
GER Max Walscheid
33%
BEL Otto Vergaerde
33%
NED Sam Oomen
33%
ITA Simone Consonni
33%
GER Tim Torn Teutenberg
33%
LAT Toms Skujiņš
33%
No matching quizzes found
Score Distribution
Percent of People with Each Score
Percentile by Number Answered
Your Score History
You have not taken this quiz